[Event "ITA-ch U18"]
[White "Disanti, Nicola"]
[Black "Bera, Pietro"]
[Site "Tarvisio"]
[Round "5"]
[Result "1-0"]
[Date "2023.07.06"]
[WhiteElo "1773"]
[BlackElo "1540"]
[PlyCount "107"]
[EventDate "2023.07.02"]
[EventType "swiss"]
[EventRounds "9"]
[EventCountry "ITA"]
[SourceTitle "EXT 2024"]
[Source "ChessBase"]
[SourceDate "2023.10.10"]
[SourceVersion "1"]
[SourceVersionDate "2023.10.10"]
[SourceQuality "1"]

1. e4 c5 2. Nf3 d6 3. d4 cxd4 4. Nxd4 Nf6 5. Nc3 g6 6. Be3 Bg7 7. Bc4 0-0 8. f3 Nc6 9. Qd2 Ne5 10. Bb3 Bd7 11. 0-0-0 Qa5 12. Kb1 Rfc8 13. g4 Nc4 14. Bxc4 Rxc4 15. Nb3 Qc7 16. Bd4 Be6 17. g5 Nd7 18. Bxg7 Kxg7 19. f4 Rc8 20. Rdf1 Nc5 21. f5 Nxe4 22. Nxe4 Bxf5 23. Nc3 b5 24. Nd4 b4 25. Nxf5+ gxf5 26. Nd5 Qc5 27. Ne3 Re4 28. Nxf5+ Kf8 29. Nh6 Ke8 30. Qf2 Qxg5 31. Qxf7+ Kd8 32. Qxh7 Qg2 33. Rf8+ Kd7 34. Qf5+ Re6 35. Rf1 Rxf8 36. Qxf8 Rxh6 37. Re1 Qg5 38. Rxe7+ Qxe7 39. Qxh6 Qe1+ 40. Qc1 Qf2 41. Qh1 Ke6 42. h4 Kf6 43. h5 Kg7 44. h6+ Kh7 45. Qc1 a5 46. a3 bxa3 47. bxa3 a4 48. Qg5 Qe1+ 49. Kb2 Qe5+ 50. Qxe5 dxe5 51. c4 Kxh6 52. c5 Kg5 53. c6 e4 54. c7 1-0